Dan Flavin : rooms of light: (Record no. 353822)

000 -LEADER
fixed length control field 01087nam a2200301 a 4500
001 - CONTROL NUMBER
control field ASIN8876240918
003 - CONTROL NUMBER IDENTIFIER
control field OSt
005 - DATE AND TIME OF LATEST TRANSACTION
control field 20180116192418.0
008 - FIXED-LENGTH DATA ELEMENTS--GENERAL INFORMATION
fixed length control field 130823s2004 xxu eng d
020 ## - INTERNATIONAL STANDARD BOOK NUMBER
International Standard Book Number 8876240918 (paperback)
Terms of availability $29.95
020 ## - INTERNATIONAL STANDARD BOOK NUMBER
International Standard Book Number 9788876240911 (paperback)
020 ## - INTERNATIONAL STANDARD BOOK NUMBER
International Standard Book Number 9798876240910
040 ## - CATALOGING SOURCE
Transcribing agency 00
082 ## - DEWEY DECIMAL CLASSIFICATION NUMBER
Classification number 709.2
100 1# - MAIN ENTRY--PERSONAL NAME
Personal name Flavin,Dan
9 (RLIN) 7059
245 10 - TITLE STATEMENT
Title Dan Flavin : rooms of light:
Remainder of title works of the panza collection from villa panza, varese & the solomon R.guggenheim museum new york /
Statement of responsibility, etc. Angela Vettese, Giuseppe Panza di Biumo, Mattioli Laura Rossi, Dan Flavin.
250 ## - EDITION STATEMENT
Edition statement Bilingual ed.
260 ## - PUBLICATION, DISTRIBUTION, ETC.
Place of publication, distribution, etc. Londan :
Name of publisher, distributor, etc. Skira,
Date of publication, distribution, etc. 2004.
300 ## - PHYSICAL DESCRIPTION
Extent 127p. ;
Dimensions 28 cm.
650 ## - SUBJECT ADDED ENTRY--TOPICAL TERM
Topical term or geographic name entry element Installations (Art)
9 (RLIN) 7060
650 ## - SUBJECT ADDED ENTRY--TOPICAL TERM
Topical term or geographic name entry element Light art
9 (RLIN) 7061
700 1# - ADDED ENTRY--PERSONAL NAME
Personal name Biumo, Giuseppe Panza di.
9 (RLIN) 7062
700 1# - ADDED ENTRY--PERSONAL NAME
Personal name Rossi, Mattioli Laura.
9 (RLIN) 7063
700 1# - ADDED ENTRY--PERSONAL NAME
Personal name Flavin, Dan.
9 (RLIN) 7064
856 40 - ELECTRONIC LOCATION AND ACCESS
Materials specified Amazon.com
Uniform Resource Identifier <a href="http://www.amazon.com/exec/obidos/ASIN/8876240918/chopaconline-20">http://www.amazon.com/exec/obidos/ASIN/8876240918/chopaconline-20</a>
942 ## - ADDED ENTRY ELEMENTS (KOHA)
Source of classification or shelving scheme
Koha item type Book
Holdings
Withdrawn status Lost status Source of classification or shelving scheme Damaged status Not for loan Permanent Location Current Location Date acquired Total Checkouts Full call number Barcode Date last seen Cost, replacement price Price effective from Koha item type
          School of Art Design and Architecture (SADA) School of Art Design and Architecture (SADA) 06/20/2013   709.2 FLA 2004 SADA0002086 01/05/2017 2350.03 01/05/2017 Book
© 2023 Central Library, National University of Sciences and Technology. All Rights Reserved.